Paravaihal arivital varisai (Tamil)

Bibliographic Details
Format: Book
Published: Chennai : Soodamanin Prasuram , 2012
Subjects:

MARC

LEADER 00000cam a2200000 7i4500
001 0000086685
005 20210418.0
008 210418
020 |a 9789350300510 
041 0 |a Tamil 
090 0 0 |a 598   |b PAR 
245 1 0 |a Paravaihal arivital varisai (Tamil) 
260 |a Chennai :   |b Soodamanin Prasuram ,   |c 2012 
300 |a 136 p. :   |b ill. ;   |c 21.3 cm. 
541 0 0 |a Purchased on 2020   |f 81/2020 AMM   |h RM18.75 
650 0 |a Birds, Tamil 
999 |a 0001656416   |b Book   |c Tamil Collection   |e Cawangan Tangkak 
999 |a 0001656417   |b Book   |c Tamil Collection   |e Cawangan Pontian 
999 |a 0001656418   |b Book   |c Tamil Collection   |e Cawangan Tmn. Ungku Tun Aminah 
999 |a 0001656419   |b Book   |c Tamil Collection   |e Cawangan Mersing 
999 |a 0001656420   |b Book   |c Tamil Collection   |e Cawangan Bandar Tenggara 
999 |a 0001656421   |b Book   |c Tamil Collection   |e Cawangan Batu Pahat 
999 |a 0001656422   |b Book   |c Tamil Collection   |e Cawangan Kota Tinggi 
999 |a 0001656424   |b Book   |c Tamil Collection   |e Cawangan Muar 
999 |a 0001656425   |b Book   |c Tamil Collection   |e Cawangan Bukit Gambir 
999 |a 0001656426   |b Book   |c Tamil Collection   |e Cawangan Taman Sri Lambak 
999 |a 0001656427   |b Book   |c Tamil Collection   |e Cawangan Bandar Penawar 
999 |a 0001656428   |b Book   |c Tamil Collection   |e Cawangan Segamat 
999 |a 0001656768   |b Book   |c Tamil Collection   |e Perbadanan Perpustakaan Awam Johor